[Event "SLO-chT2 West"]
[Site "Komenda"]
[Date "2021.11.28"]
[Round "4.6"]
[White "Marosevic, Igor"]
[Black "Bradac, Simon"]
[Result "0-1"]
[WhiteElo "1526"]
[BlackElo "1576"]
[PlyCount "62"]
[EventDate "2021.11.27"]
[EventType "team-tourn"]
[EventRounds "7"]
[EventCountry "SLO"]
[SourceTitle "EXT 2024"]
[Source "ChessBase"]
[SourceDate "2023.10.10"]
[SourceVersion "1"]
[SourceVersionDate "2023.10.10"]
[SourceQuality "1"]
[WhiteTeam "Radovljica"]
[BlackTeam "Ilirska Bistrica Rinex"]
[WhiteTeamCountry "SLO"]
[BlackTeamCountry "SLO"]

1. e4 c6 2. Nc3 d5 3. Nf3 dxe4 4. Nxe4 Nf6 5. Nxf6+ exf6 6. Bc4 Bd6 7. Qe2+ Qe7 8. Qxe7+ Kxe7 9. Nd4 a6 10. 0-0 Rd8 11. Nf3 c5 12. Kh1 Nc6 13. Bd3 Kf8 14. c3 Bf4 15. Bc2 Bg4 16. d4 Bxc1 17. Raxc1 cxd4 18. Nxd4 Nxd4 19. cxd4 Rxd4 20. f3 Be6 21. Bb3 Bxb3 22. axb3 Rd2 23. Rb1 Rc8 24. h3 Rcc2 25. Rg1 Rxb2 26. Rbc1 Rdc2 27. Rxc2 Rxc2 28. Rb1 Ke7 29. Re1+ Kd6 30. Re8 Rc3 31. Rd8+ Ke7 0-1